| 000 | 00527nam a2200205 a 4500 | ||
|---|---|---|---|
| 001 | 3613 | ||
| 003 | CO-ViMGA | ||
| 008 | 141112s2004 ck r 000 u spa d | ||
| 040 |
_aCO-ViMGA _bspa _cCO-ViMGA |
||
| 082 | 0 | 4 | _a153.35 B656 |
| 100 | 1 |
_aBono, Edward _953558 |
|
| 245 | 1 | 0 |
_aEl pensamiento lateral : _bmanual de creatividad |
| 250 | _a3a | ||
| 260 |
_aBarcelona : _bPaidos, _c1993 |
||
| 300 | _a320 p | ||
| 490 | _aPaidos empresas, 5 | ||
| 650 | 1 | 4 | _aCREATIVIDAD |
| 650 | 1 | 4 |
_aLOGICA RACIONAL _953560 |
| 942 |
_2ddc _cBK |
||
| 999 |
_c15653 _d15653 |
||